Medicina familiar : (Registro nro. 12856)
[ vista simple ]
| 000 -LIDER | |
|---|---|
| fixed length control field | 00648nam a22002177a 4500 |
| 003 - IDENTIFICACDOR DE NÚMERO DE CONTROL | |
| control field | DO-SdBNP |
| 005 - DATE AND TIME OF LATEST TRANSACTION | |
| control field | 20220920102050.0 |
| 008 - ELEMENTOS DE LONGITUD FIJA | |
| fixed length control field | 171113b2004 sp| 00| 0 spa d |
| 020 ## - ISBN | |
| International Standard Book Number | 8449402166 |
| 040 ## - FUENTE DE CATALOGACIÓN | |
| Agencia que crea de manera original el registro | BPMSU |
| Idioma de catalogación | spa |
| Agencia que realiza la transcripción | BPMSU |
| 082 ## - NÚMERO DE CLASIFICACIÓN DECIMAL DE DEWEY | |
| Classification number | 616.0252 |
| Item number | M489f 2004 |
| Edition number | 22 |
| 245 ## - MENCIÓN DE TITULO | |
| Título | Medicina familiar : |
| Subtítulo | primeros auxilios / |
| Mención de responsabilidad | dirección José Gay, |
| 260 ## - PUBLICACIÓN, DISTRIBUCIÓN, ETC. (PIE DE IMPRENTA) | |
| Lugar de publicación, distribución, etc | Barcelona : |
| Nombre del editor, distribuidor, etc. | Grupo Oceano, |
| Fecha de publicación, distribución, etc | 2004 |
| 300 ## - DESCRIPCIÓN FÍSICA | |
| Extensión | 176 p, : |
| Otros detalles físicos | il., retratos ; |
| Dimensiones | 26 cm. |
| 590 ## - NOTA LOCAL | |
| Enlace | Inventariado, 2022/VM |
| 650 #4 - ENCABEZAMIENTO DE MATERIA--TEMÁTICO | |
| Término temático o nombre geográfico como elemento de entrada | Medicina familiar |
| Subdivisión de forma | Guías. |
| Subdivisión temática general | |
| 650 #4 - ENCABEZAMIENTO DE MATERIA--TEMÁTICO | |
| Término temático o nombre geográfico como elemento de entrada | Primeros auxilios. |
| Subdivisión de forma | Guías |
| 710 2# - ASIENTO SECUNDARIO -- NOMBRE CORPORATIVO | |
| Nombre corporativo o de jurisdicción | Océano |
| 910 ## - VALIDACIÓN | |
| Validación | VMateo V./ Validado |
| 942 ## - ADDED ENTRY ELEMENTS (KOHA) | |
| Source of classification or shelving scheme | Dewey Decimal Classification |
| Koha item type | Libros |
| Withdrawn status | Lost status | Source of classification or shelving scheme | Damaged status | Not for loan | Collection code | Home library | Current library | Date acquired | Source of acquisition | Coded location qualifier | Full call number | Barcode | Date last seen | Price effective from | Koha item type |
|---|---|---|---|---|---|---|---|---|---|---|---|---|---|---|---|
| Dewey Decimal Classification | Colección General | Biblioteca Pública Metropolitana Salomé Ureña | Biblioteca Pública Metropolitana Salomé Ureña | 11/13/2017 | FUNDI | BPMSU CG 616.0252 M489f 2004 | BPMSU22090028 | 11/13/2017 | 11/13/2017 | Libros |